| 000 | 04496cam a2200325 4500500 | ||
|---|---|---|---|
| 005 | 20260405000958.0 | ||
| 041 | _afre | ||
| 042 | _adc | ||
| 100 | 1 | 0 |
_aVienne, Claire _eauthor |
| 700 | 1 | 0 |
_aZébina, Audrey _eauthor |
| 700 | 1 | 0 |
_aTong, Fabienne _eauthor |
| 700 | 1 | 0 |
_aHeard, David _eauthor |
| 700 | 1 | 0 |
_aTsimaratos, Michel _eauthor |
| 700 | 1 | 0 |
_aJonveaux, Philippe _eauthor |
| 245 | 0 | 0 | _aLe don de spermatozoïdes après le vote de la loi de bioéthique du 2 août 2021 : faut-il craindre une raréfaction des donneurs ? |
| 260 | _c2022. | ||
| 500 | _a54 | ||
| 520 | _aThe promulgation of the law of 2 August 2021 on bioethics was followed by a significant number of requests for AMP from female couples and unmarried women (17,000 in 1 year), but also proposals for sperm donations (nearly 600 in 2021, i.e. twice as many as in 2019). The stocks of donor sperm straws built up to date (nearly 90,000 straws) are sufficient to meet the demand from all groups. The observed lengthening of the duration of the AMP with donation process, from 12 to 13.9 months, reveals that the supply of care is not yet sized to meet the impacts of the law. It is not linked to the insufficiency of sperm stocks but rather to the organisation of these courses within a limited number of authorised centres (around thirty). For the months and years to come, the challenge is twofold in terms of the management of donor sperm stocks in order to respond to legislative changes on access to origins and the requests of the persons concerned: i) concerted management to limit the number of straws that will be destroyed and ii) the constitution of a sufficient stock of straws from donors who have consented to their identity being transmitted to the persons born from their donation, if they so request. The work of the Bioethics Law Monitoring Committee, led by the Agence de la biomédecine, by encouraging continuous exchange between all the stakeholders, and also the support of the centres by the institutional players, aims to facilitate the adequacy of the supply of care to the expectations of users and professionals. | ||
| 520 | _ala promulgation de la loi du 2 août 2021 relative à la bioéthique a été suivie d’un nombre important de demandes d’assistances médicales à la procréation (AMP) de la part des couples de femmes et des femmes non mariées (17 000 en un an), mais aussi de propositions de dons de spermatozoïdes (près de 600 en 2021, soit deux fois plus qu’en 2019). Les stocks de paillettes de spermatozoïdes de donneurs, constitués jusqu’alors (près de 90 000 paillettes), permettent globalement de faire face à la demande de tous les publics, à ce jour. L’allongement observé de la durée du parcours d’AMP avec don de spermatozoïdes, s’étalant de 12 à 13,8 mois, révèle que l’offre de soins n’est pas encore dimensionnée pour répondre aux impacts de la loi. Il n’est pas lié à l’insuffisance des stocks de spermatozoïdes, mais plutôt à l’organisation de ces parcours au sein d’un nombre restreint de centres autorisés (une trentaine). Pour les mois et années à venir, l’enjeu est double, en matière de gestion des stocks de spermatozoïdes de donneurs, pour répondre aux évolutions législatives sur l’accès aux origines et aux demandes des personnes concernées : i) une gestion concertée, permettant de limiter le nombre de paillettes qui seront détruites, et ii) la constitution d’un stock suffisant de paillettes de donneurs ayant consenti à ce que leur identité soit transmise aux personnes nées de son don, si elles en font la demande. Les travaux du comité de suivi de la loi de bioéthique, animé par l’Agence de la biomédecine, en favorisant l’échange continu entre toutes les parties prenantes, et aussi l’accompagnement des centres par les acteurs institutionnels, visent à faciliter l’adéquation de l’offre de soins à l’attente des usagers et des professionnels. | ||
| 690 | _aassistance médicale à la procréation | ||
| 690 | _adon de spermatozoïdes | ||
| 690 | _aloi de bioéthique | ||
| 690 | _aoffre de soins | ||
| 690 | _abioethics law | ||
| 690 | _ahealthcare offer | ||
| 690 | _amedically assisted procreation | ||
| 690 | _asperm donation | ||
| 786 | 0 | _nMédecine de la Reproduction | 24 | 3 | 2022-07-01 | p. 309-318 | 2650-8427 | |
| 856 | 4 | 1 | _uhttps://stm.cairn.info/revue-medecine-de-la-reproduction-2022-3-page-309?lang=fr&redirect-ssocas=7080 |
| 999 |
_c2042794 _d2042794 |
||